|
|
|
|
| LEADER |
00000nam2a2200000 4500 |
| 001 |
377462 |
| 005 |
20231102012922.0 |
| 035 |
|
|
|a (RuTPU)RU\TPU\retro\34913
|
| 090 |
|
|
|a 377462
|
| 100 |
|
|
|a 20230314d1978 m y0rusy50 ca
|
| 101 |
0 |
|
|a rus
|
| 102 |
|
|
|a RU
|
| 105 |
|
|
|a a j 001zy
|
| 200 |
0 |
|
|a Ч. 2 : Линейная алгебра и полиномы
|
| 210 |
|
|
|d 1978
|
| 215 |
|
|
|a 448 с.
|c ил.
|
| 320 |
|
|
|a Библиогр.: с. 446-447
|
| 461 |
|
1 |
|0 (RuTPU)RU\TPU\retro\17555
|t Алгебра и теория чисел
|o учебное пособие
|f Е. С. Ляпин, А. Е. Евсеев
|v Ч. 2 : Линейная алгебра и полиномы
|d 1974-1978
|
| 606 |
1 |
|
|a Алгебра
|2 stltpush
|3 (RuTPU)RU\TPU\subj\1723
|9 30429
|
| 606 |
1 |
|
|a Чисел теория
|2 stltpush
|3 (RuTPU)RU\TPU\subj\18752
|9 44127
|
| 610 |
1 |
|
|a линейная алгебра
|
| 610 |
1 |
|
|a полиномы
|
| 610 |
1 |
|
|a линейные уравнения
|
| 610 |
1 |
|
|a определители
|
| 610 |
1 |
|
|a линейные неравенства
|
| 610 |
1 |
|
|a линейные пространства
|
| 610 |
1 |
|
|a матрицы
|
| 610 |
1 |
|
|a преобразования
|
| 610 |
1 |
|
|a алгебраические уравнения
|
| 610 |
1 |
|
|a дробно-рациональные функции
|
| 610 |
1 |
|
|a учебные пособия
|
| 675 |
|
|
|a 512(075.8)
|v 4
|
| 675 |
|
|
|a 511(075.8)
|v 4
|
| 801 |
|
1 |
|a RU
|b 63413507
|c 20230314
|
| 942 |
|
|
|c BK
|